Anjung Persinggahan

Saved in:
Bibliographic Details
Main Author: Rahman Shaari
Format: Book
Language:English
Tags: Add Tag
No Tags, Be the first to tag this record!
Call Number :

MARC

LEADER 00000nam a22000007a 4500
001 106667
003 MY-KlNDU
008 250422b |||||||| |||| 00| 0 eng d
020 |a 9789834945305 
040 |a MY-KlNDU  |b eng  |c MY-KlNDU  |e rda 
100 |a Rahman Shaari 
245 |a Anjung Persinggahan 
264 |a Kuala Lumpur 
336 |a text \2 rdacontent 
337 |a unmediated \2 rdamedia 
338 |a volume \2 rdacarrier 
999 |c 106667  |d 106667